Engineering mechanics dynamic /

Na minha lista:
Detalhes bibliográficos
Main Authors: Riley, William F (Author), Sturges, Leroy D (Author)
Formato: Livro
Idioma:inglês
Publicado em: New York : John Wiley & Sons, 1993
Assuntos:
Tags: Adicionar Tag
Sem tags, seja o primeiro a adicionar uma tag!

MARC

LEADER 00000nam a22000003a 4500
001 stu10255
005 20190206124532.3
008 971105s1993----xxu-----------------eng-d
020 |a 0-471-51242-7 
040 |a STU  |b slo 
041 0 |a eng 
044 |a xxu 
080 |a 531.3 
080 |a 531.8 
080 |a 621.1 
084 |a A4630  |2 INS  |7 stu_us_auth*stu6467 
100 1 |a Riley, William F  |4 aut 
245 1 |a Engineering mechanics dynamic /  |c [aut.] Riley,William F.; Sturges,Leroy D 
260 |a New York :  |b John Wiley & Sons,  |c 1993 
300 |a 567 s 
650 7 |a dynamika  |2 stusub 
650 7 |a technická mechanika  |2 stusub 
700 1 |a Sturges, Leroy D  |4 aut 
996 |b 284EK07773  |c E*81426  |l EE01  |s A  |a 24  |w stu10255_0001